Szczegóły MARC21

Wstęp do dorosłości /

003 -Nazwa inst., której nr kontr. jest w polu 001 [,]
    • @
    • Nazwa instytucji, której n kontrolny jest w polu 001
    • NUKAT
005 -DATA I CZAS OSTATNIEJ MODYFIKACJI [,]
    • @
    • pole kontrolne
    • 20241231112830.0
020 -Międzynarod. znormalizowany nr książki - ISBN [ , ]
    • a
    • Numer ISBN
    • 8302035734 Find
040 -Instytucja sporządzająca opis [ , ]
    • a
    • Instytucja, która sporządziła opis (NP)
    • KAT U/21KS
    • b
    • Język katalogowania
    • pol
    • e
    • Zasady katalogowania
    • rda
    • c
    • Instytucja, która sporządziła rekord (NP)
    • KAT U/21KS
    • d
    • Instytucja, która zmodyfikowała rekord (P)
    • KAT U/21EZ
    • d
    • Instytucja, która zmodyfikowała rekord (P)
    • KR 119/SWs
    • d
    • Instytucja, która zmodyfikowała rekord (P)
    • WR U/hb
942 -Rodzaj dokumentu [ , ]
    • c
    • Rodzaj dokumentu
    • Książka
100 -Hasło główne - nazwa osobowa [1, ]
    • a
    • Nazwa osobowa (NP)
    • Jaczewski, Andrzej
    • d
    • Daty biograficzne (NP)
    • (1929-2020).
    • e
    • Rodzaj współpracy
    • Autor
    • 9
    • KHW
    • 38502
240 -Tytuł ujednolicony [1,0]
    • a
    • Tytuł ujednolicony
    • Wstęp do dorosłości
    • l
    • Język tekstu
    • (pol.)
    • 9
    • KHW
    • 552979
245 -Strefa tytułu i oznaczenia odpowiedzialności [1,0]
    • a
    • Tytuł
    • Wstęp do dorosłości / Find
    • c
    • Pozostałe elementy strefy tytułu i oznaczenia odpowiedzialności (NP)
    • Andrzej Jaczewski.
250 -Strefa wydania [ , ]
    • a
    • Oznaczenie wydania (NP)
    • Wydanie 2.
260 -Strefa adresu wydawniczego [ , ]
    • a
    • Miejsce wydania (P)
    • Warszawa :
    • b
    • Nazwa wydawcy (P)
    • Wydawnictwa Szkolne i Pedagogiczne,
    • c
    • Data wydania (P)
    • 1990.
300 -Strefa opisu fizycznego [ , ]
    • a
    • Określenie formy książki i/lub objętość (NP)
    • 306, [2] strony :
    • b
    • Oznaczenie ilustracji (NP)
    • ilustracje ;
    • c
    • Format (NP)
    • 19 cm.
336 -Typ zawartości [ , ]
    • a
    • Termin opisujący typ zawartości
    • Tekst
    • b
    • Kod określający zawartość
    • txt
    • 2
    • Źródło (terminu i kodu)
    • rdacontent
337 -Typ mediów [ , ]
    • a
    • Tryb odtwarzania
    • Bez urządzenia pośredniczącego
    • b
    • Kod typu mediów
    • n
    • 2
    • Źródło (terminu i kodu)
    • rdamedia
338 -Typ/rodzaj nośnika [ , ]
    • a
    • Hasło opisujące typ nośnika
    • Wolumin
    • b
    • Kod typu nośnika
    • nc
    • 2
    • Źródło (terminu i kodu)
    • rdacarrier
080 -Uniwersalna Klasyfikacja Dziesiętna [ , ]
    • a
    • Symbol klasyfikacji
    • 612.6
    • 2
    • Identyfikator wydania tablic
    • UDC-P058
    • 9
    • UKD
    • 4553
    • b
    • Dopowiedzenie
    • Fizjologia rozrodu, wzrastania i rozwoju. Starzenie się. Długowieczność.
    • 4
    • UKD2
    • 8321
    • x
    • Poddział wspólny
    • (02.053.2)
    • c
    • Dopowiedzenie poddz. wspólnego
    • (Książki dla dzieci i młodzieży (popularnonaukowe)).
080 -Uniwersalna Klasyfikacja Dziesiętna [ , ]
    • a
    • Symbol klasyfikacji
    • 613.88
    • 2
    • Identyfikator wydania tablic
    • UDC-P058
    • 9
    • UKD
    • 4593
    • b
    • Dopowiedzenie
    • Higiena życia seksualnego. Wychowanie seksualne. Orientacja seksualna. Homoseksualizm.
    • 4
    • UKD2
    • 8321
    • x
    • Poddział wspólny
    • (02.053.2)
    • c
    • Dopowiedzenie poddz. wspólnego
    • (Książki dla dzieci i młodzieży (popularnonaukowe)).
650 -Hasło przedmiotowe [ ,7]
    • a
    • Hasło przedmiotowe
    • Dojrzewanie (psychologia)
    • v
    • Określnik formalny
    • wydawnictwa dla młodzieży.
    • 2
    • Źródło terminu
    • kaba
    • 9
    • KHW
    • 359759
650 -Hasło przedmiotowe [ ,7]
    • a
    • Hasło przedmiotowe
    • Dojrzewanie płciowe
    • v
    • Określnik formalny
    • wydawnictwa dla młodzieży.
    • 2
    • Źródło terminu
    • kaba
    • 9
    • KHW
    • 359758
980 -Symbol UKD [ , ]
    • a
    • UKD
    • 612.6+613.88](02.053.2)
710 -Hasło dodatkowe - nazwa ciała zbiorowego [2, ]
    • a
    • Nazwa ciała zbiorowego lub nazwa geograficzna jako pierwszy element (NP)
    • Wydawnictwa Szkolne i Pedagogiczne.
    • e
    • Rodzaj współpracy
    • Wydawca
    • 4
    • Kod relacji
    • pbl
    • 9
    • KHW
    • 52547
920 -ISBN [ , ]
    • a
    • ISBN
    • 83-02-03573-4 Find
Numer inwentarzowy Status udost. Data inwentaryzacji Lokalizacja
Pd.923911996-11-07BG